[Event "SLO-chT1 West"]
[Site "Slovenia"]
[Date "2018.09.28"]
[Round "1.4"]
[White "Illijin, Neboisa"]
[Black "Pazlar, Marko"]
[Result "1-0"]
[WhiteElo "2153"]
[BlackElo "2073"]
[PlyCount "63"]
[EventDate "2018.09.28"]
[EventType "team-tourn"]
[EventRounds "9"]
[EventCountry "SLO"]
[SourceTitle "CBM 187 Extra"]
[Source "ChessBase"]
[SourceDate "2018.11.04"]
[SourceVersion "1"]
[SourceVersionDate "2018.11.04"]
[SourceQuality "1"]
[WhiteTeam "Gorenjka Lesce"]
[BlackTeam "Jeenice Sij Acroni"]
[WhiteTeamCountry "SLO"]
[BlackTeamCountry "SLO"]

1. e4 e6 2. d4 d5 3. e5 c5 4. c3 Nc6 5. Nf3 Bd7 6. Be2 Qb6 7. 0-0 Nh6 8. dxc5 Bxc5 9. b4 Be7 10. Bxh6 gxh6 11. Qd2 Bf8 12. a4 a5 13. b5 Ne7 14. Nd4 Bg7 15. Qe3 Ng6 16. f4 0-0 17. Nd2 f6 18. N2f3 Nxf4 19. exf6 Rxf6 20. Ne5 Rf5 21. Rxf4 Rxe5 22. Qf2 Re4 23. Rf7 Qd6 24. Rf1 Rf8 25. Bd3 Rxf7 26. Qxf7+ Kh8 27. Bxe4 dxe4 28. Kh1 e3 29. Qf3 e5 30. Nc2 Qd3 31. Nxe3 e4 32. Qf4 1-0

[Event "Las Palmas Insular-chT Honor 1718"]
[Site "Las Palmas"]
[Date "2018.03.10"]
[Round "9.1"]
[White "Natalicchio Escalante, Ricardo Nicolas"]
[Black "Illijin, Neboisa"]
[Result "1-0"]
[WhiteElo "2195"]
[BlackElo "2158"]
[PlyCount "95"]
[EventDate "2017.10.28"]
[EventType "team-tourn"]
[EventRounds "9"]
[EventCountry "ESP"]
[SourceTitle "EXT 2021"]
[Source "ChessBase"]
[SourceDate "2020.10.23"]
[SourceVersion "1"]
[SourceVersionDate "2020.10.23"]
[SourceQuality "1"]
[WhiteTeam "Fundacion La Caja de Canarias"]
[BlackTeam "Telde Los Llanos"]
[WhiteTeamCountry "ESP"]
[BlackTeamCountry "ESP"]

1. Nf3 Nf6 2. c4 e6 3. g3 d5 4. Bg2 dxc4 5. Qa4+ Nbd7 6. Qxc4 c5 7. 0-0 Be7 8. Qc2 0-0 9. Nc3 a6 10. a4 Qc7 11. a5 b5 12. axb6 Nxb6 13. d3 Nbd5 14. Nxd5 Nxd5 15. Bd2 Bb7 16. Rfc1 Rfc8 17. e4 Nf6 18. Ba5 Qb8 19. Nd2 Nd7 20. Nc4 Bc6 21. f4 Ra7 22. Bc3 Bb5 23. b3 Rd8 24. e5 Rc8 25. Be4 Nb6 26. Nxb6 Qxb6 27. Ba5 Qb8 28. d4 g6 29. d5 exd5 30. Bxd5 Bc6 31. Bc4 Re8 32. e6 f6 33. Rd1 Kg7 34. Bc3 Bb5 35. Bd5 Qc8 36. Qe4 Rd8 37. f5 g5 38. Ba5 Rd6 39. Rac1 h6 40. Qe3 Rxd5 41. Rxd5 Qe8 42. Rcd1 Bc6 43. R5d2 Rb7 44. Bd8 Bxd8 45. Rxd8 Qe7 46. R8d6 Be8 47. Qxc5 Kg8 48. Qe3 1-0

[Event "Las Palmas Insular-chT Honor 1718"]
[Site "Las Palmas"]
[Date "2018.02.03"]
[Round "7.1"]
[White "Cruz Pino, Adrian"]
[Black "Illijin, Neboisa"]
[Result "0-1"]
[WhiteElo "2158"]
[BlackElo "2155"]
[PlyCount "134"]
[EventDate "2017.10.28"]
[EventType "team-tourn"]
[EventRounds "9"]
[EventCountry "ESP"]
[SourceTitle "EXT 2019"]
[Source "ChessBase"]
[SourceDate "2018.10.10"]
[SourceVersion "1"]
[SourceVersionDate "2018.10.10"]
[SourceQuality "1"]
[WhiteTeam "Sociedad La Montana"]
[BlackTeam "Telde Los Llanos"]
[WhiteTeamCountry "ESP"]
[BlackTeamCountry "ESP"]

1. e4 c5 2. Bb5 a6 3. Bd3 Nc6 4. c4 e6 5. Nc3 Nf6 6. Nf3 Qc7 7. 0-0 Bd6 8. Bb1 b6 9. d3 Nd4 10. h3 Nxf3+ 11. Qxf3 Bb7 12. Qe2 Bh2+ 13. Kh1 Bf4 14. Bxf4 Qxf4 15. Bc2 h5 16. Qe3 Qxe3 17. fxe3 h4 18. Rf2 Nh5 19. Na4 Ng3+ 20. Kh2 Bc6 21. Nxb6 Rb8 22. Na4 d6 23. Rb1 Ke7 24. Nc3 f6 25. b3 Rh5 26. d4 Rb6 27. d5 exd5 28. exd5 Bd7 29. e4 Re5 30. Rf3 Be8 31. Re1 g5 32. Bd3 a5 33. Rfe3 Bg6 34. Ne2 Nh5 35. Ng1 Kf7 36. Nf3 Re8 37. Kg1 Rb7 38. Kf2 Rbe7 39. Nd2 Kg7 40. Bc2 Ng3 41. Bd1 Nxe4+ 42. Nxe4 Rxe4 43. Rxe4 Rxe4 44. Rxe4 Bxe4 45. g3 hxg3+ 46. Kxg3 f5 47. h4 gxh4+ 48. Kxh4 Kf6 49. Kh5 Ke5 50. Kg6 f4+ 51. Kf7 f3 52. Ke7 f2 53. Be2 Bg2 54. Kd7 f1Q 55. Bxf1 Bxf1 56. Kc6 a4 57. Kb5 axb3 58. axb3 Be2 59. Ka5 Bd1 60. b4 cxb4 61. Kxb4 Kd4 62. Kb5 Ba4+ 63. Kxa4 Kxc4 64. Ka3 Kxd5 65. Kb3 Kd4 66. Kc2 Ke3 67. Kd1 Kd3 0-1

[Event "Belgrade Trophy 31st"]
[Site "Belgrade"]
[Date "2017.12.01"]
[Round "8"]
[White "Illijin, Neboisa"]
[Black "Ilic, Slobodan S2222"]
[Result "0-1"]
[WhiteElo "2166"]
[BlackElo "1997"]
[PlyCount "108"]
[EventDate "2017.11.24"]
[EventType "swiss"]
[EventRounds "9"]
[EventCountry "SRB"]
[SourceTitle "CBM 181 Extra"]
[Source "ChessBase"]
[SourceDate "2017.12.12"]
[SourceVersion "1"]
[SourceVersionDate "2017.12.12"]
[SourceQuality "1"]

1. e4 c5 2. Nf3 e6 3. c3 Nf6 4. e5 Nd5 5. d4 cxd4 6. cxd4 d6 7. Bc4 Nb6 8. Bd3 Bd7 9. 0-0 Bc6 10. Nc3 N8d7 11. exd6 Bxd6 12. Ne4 Be7 13. Qe2 h6 14. Rd1 Qc7 15. Bd2 Rc8 16. Rac1 Qb8 17. g3 Nd5 18. a3 0-0 19. b4 a6 20. Nc5 Nxc5 21. bxc5 Rce8 22. Ne5 Ba4 23. Re1 Bd8 24. Qh5 f5 25. Bxh6 gxh6 26. Qg6+ Kh8 27. Qxh6+ Kg8 28. Qg6+ Kh8 29. Qh6+ Kg8 30. Ng6 Qc7 31. Qh8+ Kf7 32. Nxf8 Bf6 33. Qh6 Rxf8 34. Qh5+ Kg7 35. Rxe6 Ne7 36. Rce1 Bb3 37. R6e3 Bf7 38. Qf3 Bg6 39. Bc4 Nc6 40. d5 Nd4 41. Qd1 Qxc5 42. Bb3 Bf7 43. h3 Rd8 44. Kh2 Nxb3 45. Qxb3 Bxd5 46. Qb4 Qxb4 47. axb4 Bc6 48. f4 Rd4 49. h4 Rxb4 50. h5 Rb2+ 51. R1e2 a5 52. Re6 Rxe2+ 53. Rxe2 a4 54. Re3 Bb2 0-1

[Event "SUI-ch op"]
[Site "Flims"]
[Date "2016.07.08"]
[Round "2"]
[White "Illijin, Neboisa"]
[Black "Filipovic, Branko"]
[Result "1/2-1/2"]
[WhiteElo "2171"]
[BlackElo "2388"]
[PlyCount "52"]
[EventDate "2016.07.08"]
[EventType "swiss"]
[EventRounds "9"]
[EventCountry "SUI"]
[SourceTitle "CBM 173 Extra"]
[Source "ChessBase"]
[SourceDate "2016.08.29"]
[SourceVersion "1"]
[SourceVersionDate "2016.08.29"]
[SourceQuality "1"]

1. e4 c6 2. d4 d5 3. exd5 cxd5 4. c4 Nf6 5. Nc3 Nc6 6. Nf3 Be6 7. c5 g6 8. Bb5 Bg7 9. Ne5 Qc8 10. Qa4 Bd7 11. Nxd7 Qxd7 12. 0-0 0-0 13. Re1 Rac8 14. Bxc6 Rxc6 15. Bg5 h6 16. Bh4 Re8 17. Rad1 Nh5 18. Qb3 e6 19. Qb5 g5 20. Bg3 Nxg3 21. hxg3 b6 22. b4 Rb8 23. Qa4 a6 24. Ne2 bxc5 25. bxc5 Qc8 26. Rb1 Rxb1 1/2-1/2

[Event "Belgrade Trophy 29th"]
[Site "Belgrade"]
[Date "2015.11.27"]
[Round "4"]
[White "Illijin, Neboisa"]
[Black "Vukic, Milan"]
[Result "1/2-1/2"]
[WhiteElo "2150"]
[BlackElo "2399"]
[PlyCount "133"]
[EventDate "2015.11.24"]
[EventType "swiss"]
[EventRounds "9"]
[EventCountry "SRB"]
[SourceTitle "CBM 169 Extra"]
[Source "ChessBase"]
[SourceDate "2015.12.18"]
[SourceVersion "1"]
[SourceVersionDate "2015.12.18"]
[SourceQuality "1"]

1. e4 c5 2. Nf3 e6 3. c3 d5 4. exd5 Qxd5 5. d4 Nf6 6. Be3 cxd4 7. cxd4 Bd7 8. Nc3 Qa5 9. a3 Bc6 10. b4 Qd8 11. Bd3 Nbd7 12. 0-0 Bd6 13. Bb5 Bxb5 14. Nxb5 Bb8 15. Qd3 Nd5 16. Nc3 Nxc3 17. Qxc3 0-0 18. Rfc1 Nb6 19. Qd3 h6 20. Rc5 Nd5 21. Bd2 Bd6 22. Rc2 Qd7 23. Rac1 Rfc8 24. Ne5 Bxe5 25. dxe5 Rxc2 26. Qxc2 Ne7 27. Be3 Rc8 28. Qb2 Rxc1+ 29. Qxc1 Nc6 30. f4 Qd3 31. Kf2 a6 32. h3 Qb3 33. Bc5 Kh7 34. Qe3 Qd5 35. g4 Kg6 36. Kg3 Nb8 37. Qf3 Qxf3+ 38. Kxf3 h5 39. Ke4 hxg4 40. hxg4 Nd7 41. Be3 f6 42. a4 fxe5 43. fxe5 Kf7 44. Bd4 Ke8 45. Be3 Nb8 46. Bf2 Nc6 47. Bc5 b5 48. axb5 axb5 49. Kf4 Nd8 50. Bd4 Nf7 51. Be3 Kd7 52. Ke4 Kc6 53. Bd2 Nh8 54. Be3 Ng6 55. Bg5 Nh8 56. Be3 Nf7 57. Bd2 Kb7 58. Be3 Kc7 59. Bd2 Nd8 60. Be3 Nc6 61. Bc5 Kd7 62. Bf8 Ke8 63. Bxg7 Nxb4 64. Kd4 Kf7 65. Bh6 Nc6+ 66. Kc5 Nxe5 67. Kxb5 1/2-1/2

[Event "Las Palmas Insular-chT Pref-B"]
[Site "Las Palmas"]
[Date "2015.04.11"]
[Round "13.1"]
[White "Illijin, Neboisa"]
[Black "Garcia Rodriguez, Ricardo"]
[Result "1-0"]
[WhiteElo "2150"]
[BlackElo "2047"]
[PlyCount "105"]
[EventDate "2014.11.22"]
[EventType "team-tourn"]
[EventRounds "14"]
[EventCountry "ESP"]
[SourceTitle "EXT 2018"]
[Source "ChessBase"]
[SourceDate "2017.10.13"]
[SourceVersion "1"]
[SourceVersionDate "2017.10.13"]
[SourceQuality "1"]
[WhiteTeam "Telde Los Llanos"]
[BlackTeam "El Patio Casa Museo"]
[WhiteTeamCountry "ESP"]
[BlackTeamCountry "ESP"]

1. Nf3 g6 2. e4 Bg7 3. d4 Nf6 4. e5 Ne4 5. Bd3 d5 6. Qe2 c5 7. Bxe4 dxe4 8. Qxe4 cxd4 9. 0-0 Nc6 10. Rd1 Bf5 11. Qe2 Qb6 12. Na3 0-0 13. h3 Rad8 14. b3 Qc5 15. Nc4 b5 16. Ba3 b4 17. Bb2 Rd5 18. Re1 d3 19. cxd3 Bxd3 20. Qe3 Bxc4 21. Qxc5 Rxc5 22. Rac1 Rc8 23. bxc4 a5 24. Re4 a4 25. Rc2 Rd8 26. Kf1 a3 27. Ba1 Rd1+ 28. Re1 Rxe1+ 29. Kxe1 Nxe5 30. Bxe5 Bxe5 31. Nxe5 Rxe5+ 32. Kd2 Rc5 33. Kd3 e5 34. Rc1 Rc8 35. c5 Kf8 36. Kc4 Ke7 37. Rd1 Rb8 38. c6 Rd8 39. Rxd8 Kxd8 40. Kxb4 Kc7 41. Kxa3 Kxc6 42. Kb4 f5 43. Kc4 g5 44. g4 f4 45. Kd3 Kd5 46. f3 h6 47. a3 e4+ 48. fxe4+ Ke5 49. a4 f3 50. Ke3 f2 51. Kxf2 Kxe4 52. a5 Kd5 53. Ke3 1-0

[Event "Belgrade Trophy 27th"]
[Site "Obrenovac"]
[Date "2013.12.02"]
[Round "9"]
[White "Illijin, Neboisa"]
[Black "Pavlovic, Luka"]
[Result "1/2-1/2"]
[WhiteElo "2175"]
[BlackElo "1919"]
[PlyCount "77"]
[EventDate "2013.11.24"]
[EventType "swiss"]
[EventRounds "9"]
[EventCountry "SRB"]
[SourceTitle "CBM 157 Extra"]
[Source "ChessBase"]
[SourceDate "2013.12.19"]
[SourceVersion "1"]
[SourceVersionDate "2013.12.19"]
[SourceQuality "1"]

1. Nf3 Nf6 2. c4 c5 3. g3 d5 4. cxd5 Nxd5 5. Bg2 Nc6 6. Nc3 Nxc3 7. bxc3 e5 8. 0-0 Be7 9. d3 0-0 10. Be3 f5 11. Qa4 Kh8 12. Rfd1 Qe8 13. Qc4 Rf6 14. Bg5 Be6 15. Qb5 Rf7 16. h4 h6 17. Bxe7 Qxe7 18. e3 g5 19. hxg5 hxg5 20. d4 e4 21. Ne1 Rd8 22. Qxc5 Qxc5 23. dxc5 Rxd1 24. Rxd1 Bxa2 25. g4 fxg4 26. Bxe4 Re7 27. Bxc6 bxc6 28. Kh2 Rh7+ 29. Kg3 Be6 30. e4 Rd7 31. Ra1 Kg7 32. Nc2 Rd3+ 33. Kg2 Rxc3 34. Nd4 Kf6 35. Nxc6 Rxc5 36. e5+ Kg6 37. Ne7+ Kh6 38. Rxa7 Rxe5 39. Kg3 1/2-1/2

[Event "Las Palmas Montalvo Memorial 6th"]
[Site "Las Palmas"]
[Date "2013.03.31"]
[Round "9"]
[White "Illijin, Neboisa"]
[Black "Martinez Ramirez, Erik"]
[Result "0-1"]
[WhiteElo "2167"]
[BlackElo "2302"]
[PlyCount "134"]
[EventDate "2013.03.25"]
[EventType "swiss"]
[EventRounds "9"]
[EventCountry "ESP"]
[SourceTitle "EXT 2014"]
[Source "ChessBase"]
[SourceDate "2013.11.20"]
[SourceVersion "1"]
[SourceVersionDate "2013.11.20"]
[SourceQuality "1"]

1. e4 c5 2. Nf3 Nc6 3. d4 cxd4 4. Nxd4 Nf6 5. Nc3 d6 6. Bc4 g6 7. h3 Bg7 8. Be3 0-0 9. Bb3 a5 10. a4 Bd7 11. 0-0 Rc8 12. Ndb5 Ne5 13. Qe2 Bc6 14. Bd4 Ned7 15. Rad1 Ne8 16. Rfe1 Bxd4 17. Nxd4 Nc5 18. Qe3 e5 19. Ndb5 Nxb3 20. cxb3 f5 21. f3 fxe4 22. fxe4 Bxb5 23. Nxb5 Rc6 24. Rf1 Rxf1+ 25. Rxf1 Qb6 26. Qxb6 Rxb6 27. Kf2 Kf7 28. Ke3+ Ke7 29. g4 Nf6 30. Kd3 Nd7 31. Kc2 Nc5 32. Nc3 Rc6 33. Re1 Ne6 34. Kb1 Nf4 35. Re3 Ke6 36. g5 d5 37. exd5+ Nxd5 38. Rf3 Nf4 39. h4 Kf5 40. Rf1 Kg4 41. Ne4 Kxh4 42. Rh1+ Kg4 43. Rxh7 Nd3 44. Rh1 Kf5 45. Nc3 Kxg5 46. Kc2 Nf4 47. Kd2 Rd6+ 48. Ke3 Kf5 49. Rh7 b6 50. Rf7+ Ke6 51. Rb7 Nd5+ 52. Nxd5 Kxd5 53. Rg7 Rf6 54. Rb7 e4 55. Rd7+ Ke5 56. Re7+ Re6 57. Rf7 Rd6 58. Re7+ Kf5 59. Rf7+ Rf6 60. Rd7 Re6 61. Rf7+ Kg4 62. Rf1 g5 63. Rg1+ Kf5 64. Rf1+ Ke5 65. Rg1 Rg6 66. Rh1 Rd6 67. Rh8 Rd3+ 0-1

[Event "Las Palmas Montalvo Memorial 6th"]
[Site "Las Palmas"]
[Date "2013.03.30"]
[Round "8"]
[White "Illijin, Neboisa"]
[Black "Herrera Reyes, Jose Antonio"]
[Result "1-0"]
[WhiteElo "2167"]
[BlackElo "2252"]
[PlyCount "96"]
[EventDate "2013.03.25"]
[EventType "swiss"]
[EventRounds "9"]
[EventCountry "ESP"]
[SourceTitle "EXT 2014"]
[Source "ChessBase"]
[SourceDate "2013.11.20"]
[SourceVersion "1"]
[SourceVersionDate "2013.11.20"]
[SourceQuality "1"]

1. e4 c5 2. Nf3 e6 3. c3 d5 4. exd5 exd5 5. d4 Nf6 6. Bd3 c4 7. Be2 Bd6 8. b3 cxb3 9. axb3 h6 10. 0-0 0-0 11. Ba3 Bg4 12. h3 Bh5 13. Ne5 Bxe2 14. Qxe2 Re8 15. Bxd6 Qxd6 16. Qb5 Re7 17. Nd2 Nc6 18. Nxc6 bxc6 19. Qd3 Rae8 20. Nf3 c5 21. Nh4 Re4 22. Nf5 Qf4 23. Ng3 R4e6 24. dxc5 h5 25. b4 h4 26. Nf5 Ne4 27. Ne3 Rg6 28. Ng4 f5 29. Qxd5+ Kh7 30. Ne3 Ng5 31. Kh1 Re5 32. Qd4 Re4 33. Qd1 Ree6 34. Rxa7 Kh6 35. Ra8 Kh7 36. Rd8 Ref6 37. Nd5 Qc4 38. Nxf6+ Rxf6 39. Rd4 Qxc3 40. Rxh4+ Kg8 41. Qd8+ Kf7 42. Rd1 Qe5 43. Qd5+ Qxd5 44. Rxd5 Ne4 45. Rxe4 fxe4 46. Re5 Rxf2 47. Rxe4 Rb2 48. c6 Rc2 1-0

[Event "Las Palmas Montalvo Memorial 6th"]
[Site "Las Palmas"]
[Date "2013.03.29"]
[Round "7"]
[White "Guerra Arrocha, Daniel"]
[Black "Illijin, Neboisa"]
[Result "0-1"]
[WhiteElo "1848"]
[BlackElo "2167"]
[PlyCount "66"]
[EventDate "2013.03.25"]
[EventType "swiss"]
[EventRounds "9"]
[EventCountry "ESP"]
[SourceTitle "CBM 153 Extra"]
[Source "ChessBase"]
[SourceDate "2013.04.22"]
[SourceVersion "1"]
[SourceVersionDate "2013.04.22"]
[SourceQuality "1"]

1. e4 c5 2. Nf3 e6 3. d4 cxd4 4. Nxd4 a6 5. Bd3 Nf6 6. 0-0 d6 7. c4 Be7 8. Nc3 0-0 9. Be3 Qc7 10. f4 Nbd7 11. Kh1 b6 12. Qe2 Bb7 13. Bg1 g6 14. Rae1 e5 15. fxe5 dxe5 16. Nf3 Nh5 17. g3 Bb4 18. Qd2 Rad8 19. Qh6 f6 20. Nh4 Bxc3 21. c5 Nxc5 22. Bc4+ Rf7 23. bxc3 Nxe4 24. Bxf7+ Qxf7 25. Ng2 Qxa2 26. Rxe4 Bxe4 27. Rf2 Qe6 28. Qe3 Rd1 29. Re2 f5 30. Rf2 Rd3 31. Qe1 Qd5 32. Rb2 b5 33. g4 Nf4 0-1

[Event "Las Palmas Montalvo Memorial 6th"]
[Site "Las Palmas"]
[Date "2013.03.29"]
[Round "6"]
[White "Illijin, Neboisa"]
[Black "Barlov, Dragan"]
[Result "0-1"]
[WhiteElo "2167"]
[BlackElo "2454"]
[PlyCount "40"]
[EventDate "2013.03.25"]
[EventType "swiss"]
[EventRounds "9"]
[EventCountry "ESP"]
[SourceTitle "CBM 153 Extra"]
[Source "ChessBase"]
[SourceDate "2013.04.22"]
[SourceVersion "1"]
[SourceVersionDate "2013.04.22"]
[SourceQuality "1"]

1. e4 c5 2. Nf3 Nc6 3. d4 cxd4 4. Nxd4 Qc7 5. Nc3 e6 6. Be2 a6 7. 0-0 Nf6 8. Kh1 Bc5 9. Be3 Ne7 10. f4 0-0 11. Bg1 d6 12. Qd3 b5 13. e5 dxe5 14. fxe5 Nd7 15. Rae1 Ng6 16. Qh3 Ndxe5 17. Ne4 Be7 18. Nf3 Nxf3 19. Bxf3 e5 20. g4 Be6 0-1

[Event "Las Palmas Montalvo Memorial 6th"]
[Site "Las Palmas"]
[Date "2013.03.28"]
[Round "5"]
[White "Ramirez Medina, Victor"]
[Black "Illijin, Neboisa"]
[Result "0-1"]
[WhiteElo "1930"]
[BlackElo "2167"]
[PlyCount "128"]
[EventDate "2013.03.25"]
[EventType "swiss"]
[EventRounds "9"]
[EventCountry "ESP"]
[SourceTitle "CBM 153 Extra"]
[Source "ChessBase"]
[SourceDate "2013.04.22"]
[SourceVersion "1"]
[SourceVersionDate "2013.04.22"]
[SourceQuality "1"]

1. e4 c5 2. Nf3 e6 3. d4 cxd4 4. Nxd4 Nf6 5. Nc3 d6 6. Be2 Be7 7. 0-0 Nc6 8. Be3 Bd7 9. f4 Nxd4 10. Qxd4 Bc6 11. Bf3 0-0 12. Rad1 Qa5 13. Kh1 e5 14. Qd2 Qc7 15. Qf2 b6 16. f5 h6 17. g4 Qb7 18. Qg2 Nh7 19. Nd5 Bxd5 20. Rxd5 Rac8 21. c3 Rfd8 22. Rfd1 Qa6 23. a3 Qa4 24. Qf1 Nf6 25. R5d3 d5 26. exd5 Nxg4 27. Bg1 Nf6 28. Bg2 Rc4 29. d6 Bf8 30. Qe2 e4 31. Rd4 Rxd4 32. Rxd4 Qa5 33. Bxe4 Rxd6 34. Bc2 Rxd4 35. Bxd4 Qd5+ 36. Qg2 Qd6 37. Bb3 Qf4 38. Bxf6 Qc1+ 39. Qg1 Qxg1+ 40. Kxg1 gxf6 41. Kf2 Bd6 42. Bd5 Bxh2 43. Ke3 Kf8 44. Kd4 Bf4 45. b4 Be5+ 46. Kc4 h5 47. a4 h4 48. a5 bxa5 49. bxa5 h3 50. Kd3 h2 51. c4 a6 52. Ke2 Bc7 53. Kf2 Bxa5 54. Kg2 Bc7 55. c5 a5 56. Kh1 a4 57. Kg2 a3 58. Kh1 Be5 59. Kg2 Ke7 60. Kh1 Kd7 61. Kg2 Kc7 62. Bxf7 Kb7 63. Bd5+ Ka6 64. Bc4+ Ka5 0-1

[Event "Las Palmas Montalvo Memorial 6th"]
[Site "Las Palmas"]
[Date "2013.03.26"]
[Round "2"]
[White "Illijin, Neboisa"]
[Black "Capote Robayna, Johanna"]
[Result "1-0"]
[WhiteElo "2167"]
[BlackElo "1813"]
[PlyCount "61"]
[EventDate "2013.03.25"]
[EventType "swiss"]
[EventRounds "9"]
[EventCountry "ESP"]
[SourceTitle "CBM 153 Extra"]
[Source "ChessBase"]
[SourceDate "2013.04.22"]
[SourceVersion "1"]
[SourceVersionDate "2013.04.22"]
[SourceQuality "1"]

1. e4 c5 2. Nf3 Nc6 3. d4 cxd4 4. Nxd4 g6 5. Nc3 Bg7 6. Be3 Nf6 7. Bc4 0-0 8. Bb3 d6 9. h3 Bd7 10. 0-0 Rc8 11. Re1 Na5 12. Qd3 a6 13. f4 Qc7 14. Nf3 Rfd8 15. Bd4 Nc6 16. Bf2 Nb4 17. Qd2 e6 18. a3 Nc6 19. Na4 Qa5 20. Qd1 Qh5 21. Nb6 Rb8 22. Qxd6 Be8 23. Qc5 Qxc5 24. Bxc5 Nh5 25. e5 Nxf4 26. Bd6 Rxd6 27. exd6 Nd4 28. Rad1 e5 29. d7 Nfe2+ 30. Rxe2 Nxe2+ 31. Kf2 1-0

[Event "Las Palmas Insular-chT Primera-B"]
[Site "Las Palmas"]
[Date "2013.01.12"]
[Round "5.1"]
[White "Rodriguez Melian, Jose Luis"]
[Black "Illijin, Neboisa"]
[Result "1/2-1/2"]
[WhiteElo "2065"]
[BlackElo "2168"]
[PlyCount "44"]
[EventDate "2012.11.10"]
[EventType "team-tourn"]
[EventRounds "14"]
[EventCountry "ESP"]
[SourceTitle "EXT 2014"]
[Source "ChessBase"]
[SourceDate "2013.11.20"]
[SourceVersion "1"]
[SourceVersionDate "2013.11.20"]
[SourceQuality "1"]
[WhiteTeam "Univacit Guia"]
[BlackTeam "Telde Los Llanos"]
[WhiteTeamCountry "ESP"]
[BlackTeamCountry "ESP"]

1. d4 Nf6 2. c4 e6 3. g3 d5 4. Nf3 c5 5. Bg2 Nc6 6. 0-0 cxd4 7. Nxd4 Be7 8. Nc3 0-0 9. cxd5 exd5 10. Bg5 h6 11. Bf4 a6 12. Rc1 Nxd4 13. Qxd4 Be6 14. Rfd1 Qa5 15. Nxd5 Nxd5 16. Bxd5 Rad8 17. e4 Bxd5 18. exd5 Qxa2 19. Rc7 Bf6 20. Be5 Bxe5 21. Qxe5 Qb3 22. Qd4 Rfe8 1/2-1/2

[Event "Las Palmas Insular-chT Primera-B"]
[Site "Las Palmas"]
[Date "2012.12.01"]
[Round "3.1"]
[White "Pujales Llanos, Jose Manuel"]
[Black "Illijin, Neboisa"]
[Result "0-1"]
[WhiteElo "1907"]
[BlackElo "2168"]
[PlyCount "222"]
[EventDate "2012.11.10"]
[EventType "team-tourn"]
[EventRounds "14"]
[EventCountry "ESP"]
[SourceTitle "EXT 2014"]
[Source "ChessBase"]
[SourceDate "2013.11.20"]
[SourceVersion "1"]
[SourceVersionDate "2013.11.20"]
[SourceQuality "1"]
[WhiteTeam "Canarias Las Palmas "]
[BlackTeam "Telde Los Llanos"]
[WhiteTeamCountry "ESP"]
[BlackTeamCountry "ESP"]

1. Nf3 c5 2. c4 Nc6 3. g3 e5 4. Nc3 g6 5. Bg2 Bg7 6. 0-0 Nge7 7. e4 d6 8. h3 0-0 9. d3 f5 10. Bg5 h6 11. Bxe7 Nxe7 12. Qe2 f4 13. g4 Nc6 14. Nd5 Be6 15. a3 a5 16. b3 Rb8 17. Nc3 b6 18. Rab1 Bf6 19. Nd5 Rb7 20. Ne1 Nd4 21. Qd1 Rh7 22. b4 h5 23. f3 Bh4 24. Nc2 Nc6 25. bxc5 bxc5 26. Rb5 Bg3 27. Qe2 hxg4 28. fxg4 Rhf7 29. Qf3 Na7 30. Rb2 Bd7 31. Nc3 a4 32. Rfb1 Qa5 33. Ne2 Bh4 34. Rb6 Nc6 35. R6b2 Bd8 36. Ne1 Nd4 37. Nxd4 cxd4 38. Rb4 Qc5 39. Nc2 Ba5 40. R4b2 Bd2 41. Nb4 Be3+ 42. Kf1 Kg7 43. Ke2 Be6 44. Rc2 g5 45. Rbb2 Rc8 46. Kd1 Qa5 47. Bf1 Rfc7 48. Be2 Rh8 49. Bf1 Kg6 50. Rb1 Rh4 51. Rbb2 Qa8 52. Nd5 Rb7 53. Nb4 Rh8 54. Rb1 Rc8 55. Rbb2 Rc5 56. Rh2 Rh7 57. Rh1 Qc8 58. Rbh2 Rh4 59. Ke1 Rc7 60. Nd5 Rch7 61. Rc2 Qc5 62. Nb4 Bxg4 63. Qg2 f3 64. Qg3 f2+ 65. Rxf2 Bxf2+ 66. Kxf2 Rf7+ 67. Ke1 Rf3 68. Qxg4 Rxg4 69. hxg4 Rf4 70. Be2 Qb6 71. Rh5 Qb7 72. Nd5 Rf7 73. Rh2 Qb8 74. Rh5 Rh7 75. Nb4 Rxh5 76. gxh5+ Kh6 77. Bg4 Qf8 78. Nd5 Qb8 79. Nb4 Qb6 80. Ke2 Qxb4 81. axb4 a3 82. c5 a2 83. cxd6 a1Q 84. d7 Qa8 85. b5 Qa5 86. Kd1 Kg7 87. Bf5 Qc7 88. Ke2 g4 89. Bxg4 Kh6 90. Kf3 Kg5 91. Kg3 Qd8 92. Bf5 Kxh5 93. Bg4+ Kg5 94. Bf5 Qa5 95. Kf3 Kf6 96. Kg4 Ke7 97. Bg6 Kxd7 98. Kf5 Qxb5 99. Bf7 Kd6 100. Bc4 Qxc4 101. dxc4 d3 102. c5+ Kxc5 103. Kxe5 d2 104. Kf6 d1Q 105. e5 Qf3+ 106. Ke7 Kd5 107. e6 Qf5 108. Kd8 Qxe6 109. Kc7 Qc6+ 110. Kb8 Qd7 111. Ka8 Kc6 0-1

[Event "Las Palmas Montalvo Memorial 5th"]
[Site "Las Palmas"]
[Date "2012.04.05"]
[Round "5"]
[White "Illijin, Neboisa"]
[Black "Buet, Samuel"]
[Result "1-0"]
[WhiteElo "2191"]
[BlackElo "1826"]
[PlyCount "91"]
[EventDate "2012.04.02"]
[EventType "swiss"]
[EventRounds "9"]
[EventCountry "ESP"]
[SourceTitle "CBM 147 Extra"]
[Source "ChessBase"]
[SourceDate "2012.04.24"]
[SourceVersion "1"]
[SourceVersionDate "2012.04.24"]
[SourceQuality "1"]

1. e4 c5 2. Nf3 d6 3. d4 cxd4 4. Nxd4 Nf6 5. Nc3 g6 6. Be3 Bg7 7. h3 Nc6 8. Bc4 0-0 9. 0-0 Bd7 10. Re1 Rc8 11. Bb3 Ne5 12. Qe2 a6 13. f4 Nc6 14. Rad1 Na5 15. e5 dxe5 16. fxe5 Rxc3 17. bxc3 Ne4 18. Nf3 Qc8 19. Bd4 Bc6 20. Qe3 Nxb3 21. cxb3 Ng3 22. Qf2 Ne4 23. Qh4 Nxc3 24. Bxc3 Bxf3 25. Rc1 Bc6 26. Bb4 Qf5 27. Bxe7 Re8 28. Bf6 Bf8 29. Qf2 Qd3 30. h4 Qb5 31. h5 b6 32. hxg6 fxg6 33. Qh4 Qd5 34. Qc4 Bc5+ 35. Kh2 Qxc4 36. Rxc4 Bd5 37. Rc2 Kf7 38. Rd1 Ke6 39. Rcd2 Be4 40. Kg3 a5 41. Kf4 Ba8 42. g3 h6 43. Rd8 g5+ 44. Kg4 Bc6 45. R1d6+ Bxd6 46. Rxd6+ 1-0

[Event "Las Palmas Montalvo Memorial 5th"]
[Site "Las Palmas"]
[Date "2012.04.02"]
[Round "1"]
[White "Illijin, Neboisa"]
[Black "Barrera Martin, Nayra"]
[Result "1-0"]
[WhiteElo "2191"]
[BlackElo "1494"]
[PlyCount "55"]
[EventDate "2012.04.02"]
[EventType "swiss"]
[EventRounds "9"]
[EventCountry "ESP"]
[SourceTitle "CBM 147 Extra"]
[Source "ChessBase"]
[SourceDate "2012.04.24"]
[SourceVersion "1"]
[SourceVersionDate "2012.04.24"]
[SourceQuality "1"]

1. e4 d5 2. exd5 Qxd5 3. Nf3 Nf6 4. d4 c6 5. c4 Qd6 6. Be2 Bf5 7. Nc3 Nbd7 8. 0-0 e6 9. c5 Qc7 10. Bg5 Ne4 11. Bh4 f6 12. Re1 g5 13. Nxe4 gxh4 14. Bc4 Qf4 15. g3 Rg8 16. Kh1 Qg4 17. Nxh4 Bxe4+ 18. f3 Bxf3+ 19. Nxf3 Qg7 20. Bxe6 Rh8 21. Bf5+ Be7 22. Qe2 Kd8 23. Bxd7 Kxd7 24. Qe6+ Kd8 25. d5 cxd5 26. Rad1 Ke8 27. Nh4 Qf7 28. Nf5 1-0